Loading...
LEADER 00731nam a22001937a 4500
020 |a 81-264-0728-X 
082 |a 894.M308  |b GOV1/S P4 
100 |a എം ഗോവിന്ദന്‍;  |9 31468 
100 |a M Govindan  |9 31469 
240 |a Sarpam 
245 |a സര്‍പ്പം 
250 |a 1st 
260 |a Kottayam;  |b D C Books;  |c 2004 
300 |a 62p. 
650 |a മലയാളം; മലയാളം നോവലുകള്‍  |9 258 
650 |a Malayalam; Malayalam Novels; Literature; Malayalam Fiction  |9 31470 
942 |c BK 
999 |c 36257  |d 36257 
952 |0 0  |1 0  |4 0  |6 894_000000000000000_M308_GOV1_S_P4  |7 0  |8 FIC  |9 40653  |a MAL  |b MAL  |d 2015-06-04  |e 46682  |g 55.00  |l 0  |o 894.M308 GOV1/S P4  |p MAL046682  |r 2015-06-04  |t 1  |w 2015-06-04  |y BK